000
00210 a2200097 4500
001
1123
100
_a
Bottle,E.K
245
_a
Tractional horse-power elect motors
260
_a
_b
Griffin
_c
090
_c
686
_d
686
942
_a
NUST-CAE
_c
M
_c
33444
999
_c
236196
_d
236196